| 000 | 01284nam a2200205 a 4500 | ||
|---|---|---|---|
| 001 | BRCA_8895 | ||
| 005 | 20190320210441.0 | ||
| 008 | 160617s1753----mx-#######---#000-0#lat-# | ||
| 041 | _alat | ||
| 044 | _amx | ||
| 084 |
_aCO56 _b.P36 1753 |
||
| 100 | 1 |
_aPantaleonis Alvares de Abreu, Dominici _922135 |
|
| 245 | 1 | 0 |
_aOfficia propia sanctorum angelopolitanae ecclesiae et dioecesis a sancta sede apostolica concessa _bet ad illam pro aliis Ecclesiis aprobata, à Sac. Rit. Cong Extensa: ubi toti Hispaniae, ac Archiepiscopatul Mexicano Benigne indulta, & plura de praecepto uniersali Ecclesiae ab anno Domini M.DCC. usque ad M.DCC.LIII. obligantia, pro recitantium commoditate; in hoc libello accuratè collecta traduntur _cillustrissimi, ac Reverendissimi Domini Doct. D. Domonici Pantaleonis Alvarez de Abreu; in principio ponitus Kalendarium proprium Almae Ecclesiae & in fine Suffagia Sanctorum. |
| 260 |
_aMexici _bEx sacrorum librorum typograhpia D. Mariae de Rivera _c1753 |
||
| 300 |
_aCXXVIII, 148 p. _c20.6 x 16 cm |
||
| 500 | _aEstado físico: presenta encuadernación en pergamino, con portada deteriorada, carece de cinta y presencia del pez de plata en canto de frente | ||
| 650 | 1 | 4 |
_aIglesia católica _yObras anteriores a 1800 _922136 |
| 902 | _aCFM | ||
| 942 |
_2lcc _cB |
||
| 999 |
_c8546 _d8546 |
||